[Event "CAN-ch U16U18 Girls"]
[Site "Quebec"]
[Date "2018.07.05"]
[Round "7.11"]
[White "Yu, Cindy"]
[Black "Botez, Andrea"]
[Result "0-1"]
[WhiteElo "1434"]
[BlackElo "1954"]
[PlyCount "72"]
[EventDate "2018.07.02"]
[EventType "swiss"]
[EventRounds "7"]
[EventCountry "CAN"]
[SourceTitle "EXT 2022"]
[Source "ChessBase"]
[SourceDate "2021.10.06"]
[SourceVersion "1"]
[SourceVersionDate "2021.10.06"]
[SourceQuality "1"]

1. e4 g6 2. d4 Bg7 3. Nc3 d6 4. f4 Nf6 5. Bd3 0-0 6. Nf3 c5 7. dxc5 dxc5 8. e5 Nd5 9. Nxd5 Qxd5 10. Qe2 Bg4 11. Be4 Qd7 12. Be3 Na6 13. h3 Bf5 14. Bxf5 Qxf5 15. g4 Qe6 16. Rg1 Rfd8 17. h4 Qb6 18. c3 Nc7 19. h5 Nd5 20. 0-0-0 Qa5 21. Kb1 Qa4 22. Bxc5 Nxf4 23. Qc2 Rxd1+ 24. Rxd1 Qc6 25. Qf2 Qe4+ 26. Ka1 Nd3 27. Qf1 Nxc5 28. Ng5 Qxg4 29. Qxf7+ Kh8 30. Qd5 Qxg5 31. Qxc5 Qxh5 32. Qd5 Qxe5 33. Qxb7 Rb8 34. Qxa7 Qb5 35. Qa3 e5 36. Re1 e4 0-1

[Event "CAN-ch U16U18 Girls"]
[Site "Quebec"]
[Date "2018.07.04"]
[Round "5.10"]
[White "Cao, Yingying"]
[Black "Yu, Cindy"]
[Result "1-0"]
[WhiteElo "1835"]
[BlackElo "1434"]
[PlyCount "79"]
[EventDate "2018.07.02"]
[EventType "swiss"]
[EventRounds "7"]
[EventCountry "CAN"]
[SourceTitle "EXT 2022"]
[Source "ChessBase"]
[SourceDate "2021.10.06"]
[SourceVersion "1"]
[SourceVersionDate "2021.10.06"]
[SourceQuality "1"]

1. d4 Nf6 2. c4 g6 3. Nc3 Bg7 4. Bf4 0-0 5. Qd2 Re8 6. Nf3 d6 7. h3 Nbd7 8. e3 c5 9. Be2 b6 10. d5 Nf8 11. 0-0 a6 12. Rfc1 Bd7 13. a4 Qc7 14. Re1 Rad8 15. Qc1 e6 16. e4 exd5 17. exd5 Ne4 18. Nxe4 Rxe4 19. Be3 Rb8 20. Qc2 Re7 21. Bd2 b5 22. axb5 axb5 23. Ra6 bxc4 24. Ba5 Qb7 25. Bxc4 Rxe1+ 26. Nxe1 Qxb2 27. Qxb2 Rxb2 28. Rxd6 Bd4 29. Nd3 Rc2 30. Bb3 Re2 31. Kf1 Re8 32. Bc4 Bf5 33. Rd8 Rxd8 34. Bxd8 Nd7 35. g4 Bxd3+ 36. Bxd3 Ne5 37. Bb5 c4 38. f4 c3 39. fxe5 c2 40. Bg5 1-0

[Event "Quebec-ch U14"]
[Site "Montreal"]
[Date "2014.01.19"]
[Round "5"]
[White "Yu, Cindy"]
[Black "Nazarov, Stephanie"]
[Result "1/2-1/2"]
[WhiteElo "1317"]
[BlackElo "933"]
[PlyCount "126"]
[EventDate "2014.01.17"]
[EventType "swiss"]
[EventRounds "5"]
[EventCountry "CAN"]
[SourceTitle "EXT 2022"]
[Source "ChessBase"]
[SourceDate "2021.10.06"]
[SourceVersion "1"]
[SourceVersionDate "2021.10.06"]
[SourceQuality "1"]

1. e4 c6 2. d4 d5 3. exd5 cxd5 4. Bd3 Nc6 5. Nf3 Bg4 6. c3 Nf6 7. Nbd2 e6 8. 0-0 Bd6 9. h3 Bh5 10. Qb3 Qc7 11. Re1 0-0 12. Qc2 h6 13. b3 Rfe8 14. c4 Nb4 15. Qc3 Nxd3 16. Qxd3 dxc4 17. bxc4 Rad8 18. Bb2 Qb6 19. Rab1 Qa6 20. Ra1 Nd5 21. Qb3 Nf4 22. Qc3 Rc8 23. d5 f6 24. dxe6 Nxe6 25. Nh4 b5 26. Nf5 Be5 27. Rxe5 fxe5 28. Qxe5 Qb7 29. Nd6 Qc7 30. Nxe8 Qxe5 31. Bxe5 Bxe8 32. cxb5 Bxb5 33. Rb1 a6 34. Nf3 Rd8 35. Rc1 Kf7 36. g4 g5 37. Kg2 Kg6 38. Kg3 Kf7 39. h4 Kg6 40. hxg5 hxg5 41. Rc2 Kh6 42. Rd2 Re8 43. Rd6 Bc4 44. a3 Kg6 45. Rc6 Bb5 46. Rb6 Bc4 47. Nd4 Kf7 48. Nxe6 Rxe6 49. Rxe6 Kxe6 50. Bc3 Kf7 51. f4 Kg6 52. Kf3 gxf4 53. Kxf4 Kh7 54. Kg5 Kg8 55. Kf6 Kf8 56. g5 Kg8 57. g6 Kh8 58. Ke7+ Kg8 59. g7 Kh7 60. a4 Kg8 61. Kd6 Kf7 62. Kc5 Bd3 63. Kb6 Bc4 1/2-1/2

[Event "Quebec-ch U14"]
[Site "Montreal"]
[Date "2014.01.18"]
[Round "2"]
[White "Lachance, Pierre Alexis"]
[Black "Yu, Cindy"]
[Result "0-1"]
[WhiteElo "1090"]
[BlackElo "1317"]
[PlyCount "46"]
[EventDate "2014.01.17"]
[EventType "swiss"]
[EventRounds "5"]
[EventCountry "CAN"]
[SourceTitle "EXT 2022"]
[Source "ChessBase"]
[SourceDate "2021.10.06"]
[SourceVersion "1"]
[SourceVersionDate "2021.10.06"]
[SourceQuality "1"]

1. e4 e5 2. Nf3 Nc6 3. Bc4 Nf6 4. d3 Be7 5. Nc3 0-0 6. Bg5 h6 7. Bxf6 Bxf6 8. Nd5 d6 9. Qe2 Na5 10. Bb3 Nxb3 11. cxb3 c6 12. Nxf6+ Qxf6 13. Rd1 Qg6 14. Nh4 Qf6 15. Nf3 Re8 16. 0-0 Bg4 17. Qe3 d5 18. Rde1 dxe4 19. Qxe4 Bxf3 20. gxf3 Rad8 21. Rd1 Rd4 22. Qe2 Rh4 23. Kh1 Qf4 0-1